000
00270nam a2200097Ia 4500
001
1161047
005
20250827011618.0
008
250824s9999 xx 000 0 und d
245
0
_a
TUHAFLAR KULÜBÜ
_c
JORDİ SİERRA İ FABRA
260
_b
GÜNIŞIĞI KİTAPLIĞI YAYINLARI
999
_c
1161047
_d
1161047